00776nam a2200205 4500003001100000008004100011040003900052041000800091082001600099111008300115245007000198260005200268300001900320650004300339650004300382710003200425942000700457952009100464999001500555LK-CoMWRAF231207b1992 |||||||| |||| 00| 0 eng d aLK-CoMWRAFdLK-CoMWRAFeLK-CoMWRAF aeng a305.42bWOM aTHIRD NATIONAL CONVENTION ON WOMEN'S STUDIES c( Colombo d4-7 th March, 1992) aThird national convention on women's studies: bWomen & education a Colombo: bCentre for Women's Research, c1992 avarious paging aWomen's rights- Sri Lanka- Congresses  aWomen's studies- Sri Lanka- Congresses aCentre for Women's Research cCP 00104070aMAINbMAINd2023-12-07l0o305.42 WOMpRAF3334r2023-12-07w2023-12-07yCP c4309d4309